[Event "GER-chT Betriebe"]
[Site "Berlin"]
[Date "2006.10.07"]
[Round "5.1"]
[White "Assmann, Thomas"]
[Black "Laqua, Christian"]
[Result "1/2-1/2"]
[WhiteElo "2335"]
[BlackElo "2121"]
[PlyCount "61"]
[EventDate "2006.10.05"]
[EventType "team-tourn"]
[EventRounds "7"]
[EventCountry "GER"]
[SourceTitle "EXT 2020"]
[Source "ChessBase"]
[SourceDate "2019.10.17"]
[SourceVersion "1"]
[SourceVersionDate "2019.10.17"]
[SourceQuality "1"]
[WhiteTeam "Dresdner Bank Frankfurt/Main"]
[BlackTeam "Hamburg Baubehoerde"]
[WhiteTeamCountry "GER"]
[BlackTeamCountry "GER"]

1. d4 Nf6 2. Nf3 e6 3. c4 Nc6 4. g3 d5 5. Bg2 dxc4 6. Qa4 Bb4+ 7. Bd2 Nd5 8. Bxb4 Ndxb4 9. a3 b5 10. Qd1 Nd5 11. e4 Nde7 12. Nc3 Rb8 13. 0-0 0-0 14. Re1 f6 15. d5 Ne5 16. Nxe5 fxe5 17. Qe2 Qd6 18. Rad1 Qb6 19. Rd2 Qc5 20. Qh5 Ng6 21. h4 Qe7 22. Qe2 a6 23. h5 Nh8 24. Qe3 Nf7 25. Qa7 Rb6 26. dxe6 Bxe6 27. f4 Rfb8 28. f5 R8b7 29. Qa8+ Rb8 30. Qa7 R8b7 31. Qa8+ 1/2-1/2

[Event "Regionalliga NW 0405"]
[Site "Bayern"]
[Date "2005.04.10"]
[Round "9.1"]
[White "Assmann, Thomas"]
[Black "Braeutigam, Thomas"]
[Result "1-0"]
[WhiteElo "2351"]
[BlackElo "2093"]
[PlyCount "85"]
[EventDate "2004.10.24"]
[EventType "team-tourn"]
[EventRounds "9"]
[EventCountry "GER"]
[SourceTitle "EXT 2007"]
[Source "ChessBase"]
[SourceDate "2006.11.23"]
[SourceVersion "1"]
[SourceVersionDate "2006.11.23"]
[SourceQuality "1"]
[WhiteTeam "Sailauf"]
[BlackTeam "Wuerzburg II"]
[WhiteTeamCountry "GER"]
[BlackTeamCountry "GER"]

1. d4 d5 2. Nf3 Nf6 3. c4 c6 4. Qc2 e6 5. Bg5 Nbd7 6. Nbd2 h6 7. Bxf6 Qxf6 8. g3 Bb4 9. Bg2 0-0 10. 0-0 Bxd2 11. Qxd2 dxc4 12. Qc3 Rd8 13. Qxc4 e5 14. Rad1 exd4 15. Qxd4 Qxd4 16. Rxd4 Re8 17. e3 Nb6 18. Rfd1 Be6 19. b3 Kf8 20. Ne1 Ke7 21. Nd3 Rad8 22. Nc5 Rxd4 23. Rxd4 Bc8 24. f4 Rd8 25. Rxd8 Kxd8 26. e4 Kc7 27. Kf2 Nd7 28. Nd3 b6 29. Ke3 c5 30. e5 Nb8 31. Bd5 Be6 32. Ke4 Nc6 33. Bxe6 fxe6 34. f5 Kd7 35. g4 Ke7 36. Nf4 Nd8 37. h4 a6 38. fxe6 b5 39. Kd5 c4 40. bxc4 bxc4 41. Ng6+ Ke8 42. e7 Nf7 43. Kxc4 1-0

[Event "Regionalliga NW 0405"]
[Site "Bayern"]
[Date "2005.03.13"]
[Round "8.1"]
[White "Herdin, Hans Ulrich"]
[Black "Assmann, Thomas"]
[Result "0-1"]
[WhiteElo "2073"]
[BlackElo "2351"]
[PlyCount "34"]
[EventDate "2004.10.24"]
[EventType "team-tourn"]
[EventRounds "9"]
[EventCountry "GER"]
[SourceTitle "EXT 2007"]
[Source "ChessBase"]
[SourceDate "2006.11.23"]
[SourceVersion "1"]
[SourceVersionDate "2006.11.23"]
[SourceQuality "1"]
[WhiteTeam "Kronach"]
[BlackTeam "Sailauf"]
[WhiteTeamCountry "GER"]
[BlackTeamCountry "GER"]

1. Nf3 Nf6 2. g3 d5 3. Bg2 c6 4. 0-0 Bg4 5. b3 e6 6. Bb2 Nbd7 7. c4 Bd6 8. d4 Qb8 9. cxd5 cxd5 10. Nc3 0-0 11. Re1 Rc8 12. e4 Rxc3 13. Bxc3 dxe4 14. Re3 Nd5 15. Qd2 Nxe3 16. Ne5 Bxe5 17. dxe5 Nd5 0-1

[Event "Regionalliga NW 0405"]
[Site "Bayern"]
[Date "2005.02.13"]
[Round "7.1"]
[White "Haba, Zdenek"]
[Black "Assmann, Thomas"]
[Result "0-1"]
[WhiteElo "2240"]
[BlackElo "2351"]
[PlyCount "75"]
[EventDate "2004.10.24"]
[EventType "team-tourn"]
[EventRounds "9"]
[EventCountry "GER"]
[SourceTitle "EXT 2007"]
[Source "ChessBase"]
[SourceDate "2006.11.23"]
[SourceVersion "1"]
[SourceVersionDate "2006.11.23"]
[SourceQuality "1"]
[WhiteTeam "Kulmbach"]
[BlackTeam "Sailauf"]
[WhiteTeamCountry "GER"]
[BlackTeamCountry "GER"]

1. d4 Nf6 2. c4 e6 3. g3 Bb4+ 4. Bd2 Be7 5. Bg2 d5 6. Nf3 0-0 7. Qb3 c6 8. 0-0 Nbd7 9. Bf4 b6 10. Nc3 Bb7 11. Rad1 Nh5 12. Bc1 f5 13. Ne5 Nhf6 14. Nd3 Rf7 15. f3 Ba6 16. cxd5 cxd5 17. Nb5 Qc8 18. Bf4 Bxb5 19. Qxb5 Qc4 20. Qxc4 dxc4 21. Nf2 Nd5 22. Bc1 b5 23. e4 N5b6 24. Nh3 fxe4 25. fxe4 Rxf1+ 26. Kxf1 e5 27. Be3 exd4 28. Bxd4 Bc5 29. Nf4 Bxd4 30. Rxd4 Ne5 31. Nd5 Rb8 32. Nxb6 Rxb6 33. Ke2 Kf7 34. Rd5 Kf6 35. Kd2 a6 36. a3 g6 37. Kc2 Ng4 38. Rd2 0-1

[Event "Regionalliga NW 0405"]
[Site "Bayern"]
[Date "2004.11.14"]
[Round "2.1"]
[White "Assmann, Thomas"]
[Black "Kraeussling, Andreas"]
[Result "1-0"]
[WhiteElo "2351"]
[BlackElo "2126"]
[PlyCount "107"]
[EventDate "2004.10.24"]
[EventType "team-tourn"]
[EventRounds "9"]
[EventCountry "GER"]
[SourceTitle "EXT 2007"]
[Source "ChessBase"]
[SourceDate "2006.11.23"]
[SourceVersion "1"]
[SourceVersionDate "2006.11.23"]
[SourceQuality "1"]
[WhiteTeam "Sailauf"]
[BlackTeam "Schweinfurt"]
[WhiteTeamCountry "GER"]
[BlackTeamCountry "GER"]

1. d4 d5 2. Nf3 Nf6 3. c4 e6 4. Nc3 Be7 5. Bg5 0-0 6. e3 Nbd7 7. cxd5 Nxd5 8. Bxe7 Qxe7 9. Nxd5 exd5 10. Qc2 Nf6 11. Bd3 Bg4 12. Ne5 Bh5 13. 0-0 Rac8 14. Bf5 Rce8 15. b4 c6 16. Rab1 Bg6 17. Rfc1 Bxf5 18. Qxf5 a6 19. a4 g6 20. Qc2 Nd7 21. Nd3 Nb6 22. b5 axb5 23. axb5 Nc4 24. bxc6 Na3 25. Rxb7 Nxc2 26. Rxe7 Rxe7 27. Rxc2 Rb8 28. h4 Rc7 29. Nf4 Rb5 30. f3 Kf8 31. e4 dxe4 32. fxe4 Ke7 33. Nd5+ Rxd5 34. exd5 Kd6 35. Rc5 f5 36. h5 g5 37. h6 Re7 38. Kf2 Re8 39. Kf3 Re7 40. Rc3 Rf7 41. Ke3 Re7+ 42. Kd3 f4 43. Kc4 g4 44. Kb5 f3 45. gxf3 g3 46. Rc2 Re8 47. Kb6 Kxd5 48. c7 Kxd4 49. Rg2 Rg8 50. Rxg3 Rxg3 51. c8Q Rg6+ 52. Kb5 Rxh6 53. Qg4+ Kc3 54. Qg7+ 1-0

[Event "Cesenatico op 9th"]
[Site "Cesenatico"]
[Date "2004.09.04"]
[Round "1"]
[White "Lapenna, Antonio"]
[Black "Assmann, Thomas"]
[Result "1/2-1/2"]
[WhiteElo "2030"]
[BlackElo "2351"]
[PlyCount "82"]
[EventDate "2004.09.04"]
[EventType "swiss"]
[EventRounds "9"]
[EventCountry "ITA"]
[SourceTitle "EXT 2007"]
[Source "ChessBase"]
[SourceDate "2006.11.23"]
[SourceVersion "1"]
[SourceVersionDate "2006.11.23"]
[SourceQuality "1"]

1. d4 Nf6 2. Nf3 e6 3. e3 c5 4. Bd3 cxd4 5. exd4 Be7 6. 0-0 0-0 7. c3 b6 8. Re1 Bb7 9. Nbd2 d6 10. Qe2 a6 11. Ng5 Nbd7 12. f4 Re8 13. Ndf3 Nf8 14. Bd2 g6 15. Qf2 Kg7 16. Ne5 dxe5 17. fxe5 N8d7 18. exf6+ Bxf6 19. Ne4 Be7 20. Qf4 Nf8 21. Rf1 f5 22. Qe5+ Bf6 23. Nxf6 Qxf6 24. Qc7+ Re7 25. Qxb6 g5 26. Qd6 Ng6 27. c4 Nh4 28. Bc3 Bxg2 29. d5 e5 30. Qxf6+ Kxf6 31. Rf2 Bf3 32. Re1 g4 33. d6 Re6 34. c5 Bd5 35. Be2 Nf3+ 36. Bxf3 gxf3 37. Rd2 Rg8+ 38. Kf1 Bc6 39. d7 Rd8 40. Bxe5+ Kf7 41. Kf2 Rg6 1/2-1/2

[Event "Landesliga Nord 0102"]
[Site "Bayern"]
[Date "2002.04.14"]
[Round "8.2"]
[White "Assmann, Thomas"]
[Black "Scheidt, Karlheinz"]
[Result "1-0"]
[WhiteElo "2345"]
[BlackElo "2125"]
[PlyCount "73"]
[EventDate "2001.10.07"]
[EventType "team-tourn"]
[EventRounds "9"]
[EventCountry "GER"]
[SourceTitle "EXT 2003"]
[Source "ChessBase"]
[SourceDate "2002.11.25"]
[SourceVersion "1"]
[SourceVersionDate "2002.11.25"]
[SourceQuality "1"]
[WhiteTeam "Sailauf"]
[BlackTeam "Burgsinn"]
[WhiteTeamCountry "GER"]
[BlackTeamCountry "GER"]

1. d4 Nf6 2. Nf3 g6 3. Bg5 Bg7 4. Nbd2 d5 5. e3 0-0 6. c3 c5 7. Bd3 Qb6 8. Qb3 Nc6 9. 0-0 c4 10. Qxb6 axb6 11. Bc2 b5 12. a3 e5 13. Nxe5 Nxe5 14. dxe5 Ng4 15. Nf3 Nxe5 16. Nxe5 Bxe5 17. Be7 Re8 18. Bc5 Bd7 19. Rad1 Bc6 20. Rd2 Rec8 21. Bd1 Rd8 22. Bf3 Bd6 23. Bb6 Rd7 24. Rfd1 Ra6 25. Bd4 Be7 26. Be5 f6 27. Bg3 Kf7 28. Bxd5+ Bxd5 29. Rxd5 Rxd5 30. Rxd5 b4 31. cxb4 c3 32. bxc3 Rxa3 33. Kf1 Rxc3 34. Rd7 b6 35. Rb7 Rc6 36. b5 Rc1+ 37. Ke2 1-0

[Event "Landesliga Nord 0102"]
[Site "Bayern"]
[Date "2002.02.24"]
[Round "6.2"]
[White "Assmann, Thomas"]
[Black "Giessmann, Stephan"]
[Result "1-0"]
[WhiteElo "2345"]
[BlackElo "2155"]
[PlyCount "99"]
[EventDate "2001.10.07"]
[EventType "team-tourn"]
[EventRounds "9"]
[EventCountry "GER"]
[SourceTitle "EXT 2003"]
[Source "ChessBase"]
[SourceDate "2002.11.25"]
[SourceVersion "1"]
[SourceVersionDate "2002.11.25"]
[SourceQuality "1"]
[WhiteTeam "Sailauf"]
[BlackTeam "Kelheim"]
[WhiteTeamCountry "GER"]
[BlackTeamCountry "GER"]

1. d4 d5 2. c4 e6 3. Nc3 Be7 4. cxd5 exd5 5. Nf3 c6 6. Qc2 g6 7. Bf4 Bf5 8. Qb3 Qb6 9. e3 Nf6 10. Nd2 0-0 11. Be2 Nbd7 12. 0-0 Rfe8 13. Rfc1 Ne4 14. Ncxe4 Qxb3 15. Nxb3 Bxe4 16. Na5 c5 17. Nxb7 c4 18. Nd6 Bxd6 19. Bxd6 Re6 20. Ba3 Nb6 21. b3 Rc6 22. Rc3 Bf5 23. Rac1 Be6 24. Kf1 Rac8 25. Bb4 f5 26. Ke1 Kf7 27. Kd2 Ke8 28. Ba5 Ke7 29. Bxb6 axb6 30. bxc4 dxc4 31. Bf3 R6c7 32. Ra3 c3+ 33. Kc2 Bc4 34. Rxc3 Bxa2 35. Kb2 Rxc3 36. Rxc3 Rxc3 37. Kxc3 Kd6 38. Kb4 Be6 39. Kb5 Kc7 40. Bc6 Bb3 41. f3 Bc2 42. Bd5 Bd3+ 43. Bc4 Bc2 44. Kb4 h6 45. Kc3 Ba4 46. e4 f4 47. e5 g5 48. d5 Kd7 49. Bd3 Ke7 50. Bf5 1-0

[Event "Landesliga Nord 0102"]
[Site "Bayern"]
[Date "2001.11.11"]
[Round "2.2"]
[White "Sinkovics, Peter"]
[Black "Assmann, Thomas"]
[Result "1/2-1/2"]
[WhiteElo "2335"]
[BlackElo "2345"]
[PlyCount "70"]
[EventDate "2001.10.07"]
[EventType "team-tourn"]
[EventRounds "9"]
[EventCountry "GER"]
[SourceTitle "EXT 2003"]
[Source "ChessBase"]
[SourceDate "2002.11.25"]
[SourceVersion "1"]
[SourceVersionDate "2002.11.25"]
[SourceQuality "1"]
[WhiteTeam "Koetzting"]
[BlackTeam "Sailauf"]
[WhiteTeamCountry "GER"]
[BlackTeamCountry "GER"]

1. d4 Nf6 2. Nf3 e6 3. e3 c5 4. Bd3 cxd4 5. exd4 Be7 6. 0-0 0-0 7. c4 d5 8. b3 b6 9. Nc3 Bb7 10. Bb2 Nc6 11. Rc1 Rc8 12. Re1 Re8 13. cxd5 Nxd5 14. Nxd5 Qxd5 15. Be4 Qd6 16. d5 exd5 17. Qxd5 Red8 18. Qh5 g6 19. Qh6 Bf8 20. Qe3 Bg7 21. Bxg7 Kxg7 22. Rc2 Na5 23. Rd2 Qe7 24. Rxd8 Rxd8 25. Qc3+ Qf6 26. Qxf6+ Kxf6 27. Bxb7 Nxb7 28. Rc1 Nc5 29. Kf1 Rd5 30. Ke2 Ke7 31. b4 Ne6 32. Ke3 Kd6 33. Rc3 a5 34. bxa5 Rxa5 35. Rb3 Rxa2 1/2-1/2

[Event "Landesliga Nord 0102"]
[Site "Bayern"]
[Date "2001.10.07"]
[Round "1.2"]
[White "Assmann, Thomas"]
[Black "Saathoff, Richard"]
[Result "1-0"]
[WhiteElo "2345"]
[BlackElo "2120"]
[PlyCount "76"]
[EventDate "2001.10.07"]
[EventType "team-tourn"]
[EventRounds "9"]
[EventCountry "GER"]
[SourceTitle "EXT 2003"]
[Source "ChessBase"]
[SourceDate "2002.11.25"]
[SourceVersion "1"]
[SourceVersionDate "2002.11.25"]
[SourceQuality "1"]
[WhiteTeam "Sailauf"]
[BlackTeam "Erlangen"]
[WhiteTeamCountry "GER"]
[BlackTeamCountry "GER"]

1. d4 Nf6 2. Nf3 g6 3. Bg5 Bg7 4. Nbd2 0-0 5. c3 d5 6. b4 Nbd7 7. e3 b6 8. b5 Bb7 9. Be2 Qe8 10. 0-0 e5 11. a4 Ne4 12. Nxe4 dxe4 13. Nd2 h6 14. Bh4 f5 15. f3 g5 16. Bf2 exf3 17. Bxf3 e4 18. Bh5 Qe7 19. Be2 a6 20. Bg3 axb5 21. axb5 Rxa1 22. Qxa1 f4 23. exf4 e3 24. Qa2+ Kh8 25. Nb3 gxf4 26. Rxf4 Rxf4 27. Bxf4 Qe4 28. Bf3 Qxf4 29. Bxb7 Nf6 30. Bf3 Qf5 31. Nc1 Qxb5 32. Qa8+ Qe8 33. Qxe8+ Nxe8 34. Kf1 c5 35. Nb3 Nd6 36. Ke2 cxd4 37. cxd4 Nf5 38. Kd3 Bf6 1-0

[Event "Regionalliga NW 0001"]
[Site "Bayern"]
[Date "2001.04.29"]
[Round "9"]
[White "Gehlert, Klaus"]
[Black "Assmann, Thomas"]
[Result "0-1"]
[WhiteElo "2055"]
[BlackElo "2325"]
[PlyCount "50"]
[EventDate "2000.10.15"]
[EventType "team-tourn"]
[EventRounds "9"]
[EventCountry "GER"]
[SourceTitle "EXT 2020"]
[Source "ChessBase"]
[SourceDate "2019.10.17"]
[SourceVersion "1"]
[SourceVersionDate "2019.10.17"]
[SourceQuality "1"]
[WhiteTeam "Wuerzburg II"]
[BlackTeam "Sailauf"]
[WhiteTeamCountry "GER"]
[BlackTeamCountry "GER"]

1. d4 Nf6 2. c4 e6 3. Nc3 Bb4 4. e3 0-0 5. Bd3 c5 6. Nge2 d5 7. a3 Bxc3+ 8. bxc3 dxc4 9. Bxc4 b6 10. 0-0 Qc7 11. Ba2 Ba6 12. f3 Nc6 13. e4 cxd4 14. cxd4 Bxe2 15. Qxe2 Nxd4 16. Qf2 e5 17. Be3 Qd6 18. Rfd1 Rad8 19. Kh1 Rd7 20. Rd3 Rfd8 21. Rad1 Qc6 22. Rc1 Qb5 23. Bc4 Qa4 24. Qa2 b5 25. Bxd4 bxc4 0-1

[Event "Regionalliga NW 0001"]
[Site "Bayern"]
[Date "2001.04.01"]
[Round "8"]
[White "Assmann, Thomas"]
[Black "Sadeghi, Behrang"]
[Result "1-0"]
[WhiteElo "2320"]
[BlackElo "2195"]
[PlyCount "107"]
[EventDate "2000.10.15"]
[EventType "team-tourn"]
[EventRounds "9"]
[EventCountry "GER"]
[SourceTitle "EXT 2020"]
[Source "ChessBase"]
[SourceDate "2019.10.17"]
[SourceVersion "1"]
[SourceVersionDate "2019.10.17"]
[SourceQuality "1"]
[WhiteTeam "Sailauf"]
[BlackTeam "Burgsinn"]
[WhiteTeamCountry "GER"]
[BlackTeamCountry "GER"]

1. d4 d5 2. Nf3 Bf5 3. c4 e6 4. Nc3 c6 5. Qb3 Qc7 6. Bf4 dxc4 7. Bxc7 cxb3 8. axb3 Nd7 9. e4 Bg6 10. Nd2 Ngf6 11. f3 Be7 12. Nc4 0-0 13. 0-0-0 Rfc8 14. Bf4 a5 15. Nd6 Bxd6 16. Bxd6 b5 17. Bd3 Ne8 18. Bg3 Nc7 19. Kb1 Nf6 20. Rd2 Na6 21. Na2 Nh5 22. Bh4 Nf4 23. Bc2 Nb4 24. Nxb4 axb4 25. Bg5 e5 26. dxe5 Ne6 27. Be3 Ra6 28. Bd3 Rca8 29. Kc2 Rd8 30. Rhd1 Kf8 31. Be2 Rxd2+ 32. Rxd2 Ra8 33. Rd7 Ke8 34. Rd6 Rc8 35. Rd1 Rd8 36. Rxd8+ Kxd8 37. Bd3 h6 38. f4 Bh7 39. f5 Nc7 40. Bc5 g6 41. Bxb4 gxf5 42. exf5 Nd5 43. Bd2 h5 44. g3 Ke8 45. h3 Ne7 46. g4 hxg4 47. hxg4 Nd5 48. Be4 Bg8 49. Kd3 Kd7 50. Kd4 f6 51. e6+ Kd6 52. Bxd5 cxd5 53. Bb4+ Kc6 54. Be7 1-0

[Event "Cesenatico op 5th"]
[Site "Cesenatico"]
[Date "2000.09.04"]
[Round "3"]
[White "Assmann, Thomas"]
[Black "Costantini, Roberto"]
[Result "1/2-1/2"]
[WhiteElo "2335"]
[BlackElo "2233"]
[PlyCount "157"]
[EventDate "2000.09.03"]
[EventType "swiss"]
[EventRounds "9"]
[EventCountry "ITA"]
[SourceTitle "CBM 078 Extra"]
[Source "ChessBase"]
[SourceDate "2000.11.10"]
[SourceVersion "1"]
[SourceVersionDate "2000.11.10"]
[SourceQuality "1"]

1. d4 Nf6 2. Nf3 d5 3. c4 e6 4. cxd5 exd5 5. Nc3 c6 6. Qc2 Be7 7. Bg5 g6 8. e3 Bf5 9. Bd3 Bxd3 10. Qxd3 Nbd7 11. Bh6 Bf8 12. Bxf8 Kxf8 13. b4 Kg7 14. 0-0 Qe7 15. b5 Rhc8 16. bxc6 Rxc6 17. Rab1 Rac8 18. Rb3 a6 19. a4 Qd6 20. Rfb1 Qc7 21. Ne2 Qa5 22. Rxb7 Qxa4 23. Ne5 Rc2 24. Nxd7 Nxd7 25. Qd1 Qa2 26. Nc1 Qc4 27. Nd3 Rc3 28. Nf4 Qc6 29. g4 Qd6 30. Qf3 Rc1+ 31. Rxc1 Rxc1+ 32. Kg2 Rc7 33. Rxc7 Qxc7 34. Nxd5 Qc6 35. Nb4 Qb5 36. Qc6 Qxb4 37. Qxd7 a5 38. e4 a4 39. e5 Qb3 40. d5 Qc2 41. Qd6 Qd1 42. Qf6+ Kg8 43. Qd8+ Kg7 44. h3 Qd4 45. Qf6+ Kg8 46. d6 a3 47. Qf3 Qa7 48. Qd5 a2 49. d7 Qxd7 50. Qxd7 a1Q 51. Qd8+ Kg7 52. Qf6+ Kg8 53. Qf4 Qc3 54. h4 Qc6+ 55. Kh2 Qc2 56. h5 gxh5 57. gxh5 h6 58. Kg3 Qd3+ 59. Qf3 Qd2 60. Qf4 Qc3+ 61. f3 Qc6 62. Kg4 Qc8+ 63. Kh4 Qd8+ 64. Kg3 Qb6 65. Qg4+ Kf8 66. Qc8+ Kg7 67. Qg4+ Kf8 68. Kh3 Qe3 69. Qf5 Qe2 70. Qc8+ Kg7 71. Qg4+ Kf8 72. Qg3 Qf1+ 73. Kg4 Qc4+ 74. Qf4 Qc8+ 75. Kh4 Qd8+ 76. Qf6 Qd4+ 77. Kh3 Qe3 78. Qf5 Kg7 79. Qe4 1/2-1/2

[Event "BL2-Ost 9899"]
[Site "Germany"]
[Date "1999.03.21"]
[Round "8.5"]
[White "Schoeneberg, Manfred"]
[Black "Assmann, Thomas"]
[Result "1/2-1/2"]
[WhiteElo "2345"]
[BlackElo "2345"]
[PlyCount "71"]
[EventDate "1998.10.18"]
[EventType "team-tourn"]
[EventRounds "9"]
[EventCountry "GER"]
[SourceTitle "GER-chT2"]
[Source "ChessBase"]
[SourceDate "1999.07.01"]
[SourceVersion "1"]
[SourceVersionDate "1999.07.01"]
[SourceQuality "1"]
[WhiteTeam "Bamberg"]
[BlackTeam "Hofheim"]
[WhiteTeamCountry "GER"]
[BlackTeamCountry "GER"]

1. e4 c6 2. d4 d5 3. Nc3 dxe4 4. Nxe4 Nd7 5. Nf3 Ngf6 6. Nxf6+ Nxf6 7. Bc4 Bf5 8. 0-0 e6 9. c3 Bg4 10. h3 Bxf3 11. Qxf3 Be7 12. Re1 0-0 13. Bg5 Nd5 14. Bxe7 Nxe7 15. Rad1 Qb6 16. Bb3 a5 17. Qe2 Rad8 18. Rd3 Rd6 19. Red1 Rfd8 20. Qd2 Qc7 21. Bc2 Ng6 22. c4 R6d7 23. Qg5 h6 24. Qe3 Ne7 25. R3d2 b5 26. cxb5 cxb5 27. Qd3 g6 28. Qxb5 Rb8 29. Qe2 Rxb2 30. Ba4 Rxd2 31. Qxd2 Rd8 32. Qxh6 Nf5 33. Qc1 Qxc1 34. Rxc1 Rxd4 35. Bb5 Nd6 36. Bc6 1/2-1/2

[Event "Budapest FS06 IM"]
[Site "Budapest"]
[Date "1998.06.18"]
[Round "13"]
[White "Assmann, Thomas"]
[Black "Szeberenyi, Adam"]
[Result "1/2-1/2"]
[WhiteElo "2345"]
[BlackElo "2220"]
[PlyCount "66"]
[EventDate "1998.06.??"]
[EventType "tourn"]
[EventRounds "13"]
[EventCountry "HUN"]
[EventCategory "2"]
[SourceTitle "EXT 1999"]
[Source "ChessBase"]
[SourceDate "1998.11.16"]
[SourceVersion "1"]
[SourceVersionDate "1998.11.16"]
[SourceQuality "1"]

1. d4 Nf6 2. Nf3 g6 3. g3 Bg7 4. Bg2 0-0 5. 0-0 d5 6. Bf4 c5 7. c3 Qb6 8. Qb3 Nc6 9. Na3 Qxb3 10. axb3 cxd4 11. Nxd4 Bg4 12. Nxc6 bxc6 13. h3 Bxe2 14. Rfe1 Bd3 15. Rxe7 Rfe8 16. Rxe8+ Rxe8 17. Bf1 Be4 18. Nb1 Nh5 19. Bd6 Bh6 20. Na3 Ng7 21. b4 Ne6 22. h4 g5 23. hxg5 Nxg5 24. f4 Ne6 25. Be5 Bf8 26. Kh2 Ng5 27. Bg2 Re6 28. Bxe4 Nxe4 29. Bd4 Nd2 30. Kh3 Nb3 31. Rd1 Nxd4 32. Rxd4 Re2 33. b5 cxb5 1/2-1/2

[Event "Passau op 6th"]
[Site "Passau"]
[Date "1998.04.12"]
[Round "5"]
[White "Assmann, Thomas"]
[Black "Barthel, Ansgar"]
[Result "1-0"]
[WhiteElo "2345"]
[BlackElo "2185"]
[PlyCount "97"]
[EventDate "1998.04.10"]
[EventType "swiss"]
[EventRounds "7"]
[EventCountry "GER"]
[SourceTitle "EXT 1999"]
[Source "ChessBase"]
[SourceDate "1998.11.16"]
[SourceVersion "1"]
[SourceVersionDate "1998.11.16"]
[SourceQuality "1"]

1. d4 Nf6 2. Nf3 g6 3. g3 Bg7 4. Bg2 0-0 5. 0-0 d6 6. b3 Nbd7 7. Bb2 e5 8. dxe5 Ng4 9. Qd2 Ngxe5 10. Nxe5 Nxe5 11. c4 Be6 12. Nc3 Qc8 13. Nd5 Bxd5 14. cxd5 Re8 15. Rac1 Re7 16. Rc2 Qd8 17. Qb4 a5 18. Qxb7 c6 19. dxc6 Rxb7 20. cxb7 Rb8 21. Bxe5 dxe5 22. Rfc1 Bf8 23. Rc8 Qd2 24. R1c7 Qd1+ 25. Bf1 Qd6 26. e4 Qb6 27. Ba6 Kg7 28. Rc6 Qa7 29. Rxb8 Qxb8 30. Rc8 Bd6 31. Rxb8 Bxb8 32. Kf1 Kf8 33. Ke2 Ke7 34. Bc4 f6 35. Bg8 h6 36. h4 Kd6 37. f4 Kc7 38. Bd5 Ba7 39. Kf3 Bc5 40. Kg4 exf4 41. gxf4 Be7 42. e5 fxe5 43. fxe5 h5+ 44. Kg3 g5 45. hxg5 Bxg5 46. Kf3 h4 47. Kg4 Be7 48. Kf5 Bc5 49. Kg6 1-0

[Event "Passau op 6th"]
[Site "Passau"]
[Date "1998.04.12"]
[Round "6"]
[White "Deglmann, Ludwig"]
[Black "Assmann, Thomas"]
[Result "1-0"]
[WhiteElo "2240"]
[BlackElo "2345"]
[PlyCount "95"]
[EventDate "1998.04.10"]
[EventType "swiss"]
[EventRounds "7"]
[EventCountry "GER"]
[SourceTitle "EXT 1999"]
[Source "ChessBase"]
[SourceDate "1998.11.16"]
[SourceVersion "1"]
[SourceVersionDate "1998.11.16"]
[SourceQuality "1"]

1. Nf3 Nf6 2. b3 d5 3. Bb2 Bg4 4. e3 Nbd7 5. d4 e6 6. Bd3 Bd6 7. Nbd2 Qe7 8. h3 Bxf3 9. Nxf3 e5 10. dxe5 Nxe5 11. Nd4 g6 12. 0-0 Ba3 13. Bxa3 Qxa3 14. b4 a6 15. Rb1 0-0 16. f4 Nc4 17. Qe1 Ne4 18. Rb3 Qa4 19. Bxe4 dxe4 20. f5 Rfd8 21. Qc3 Nd6 22. fxg6 hxg6 23. Qxc7 Rd7 24. Qc5 Qxa2 25. Qg5 Re8 26. Qf6 Ree7 27. Rf4 Qa1+ 28. Kh2 Nf5 29. Rxf5 gxf5 30. Qg5+ Kf8 31. Qh6+ Kg8 32. Qg5+ Kf8 33. Qf6 Kg8 34. c3 Rxd4 35. cxd4 Re6 36. Qxf5 Rg6 37. Qxe4 Qe1 38. Qf3 Qc1 39. e4 Qd2 40. Rd3 Qxb4 41. e5 Qe7 42. Qe4 Qb4 43. Qe3 Qb6 44. Qf3 Qc7 45. Re3 Re6 46. d5 Re8 47. Qg4+ Kf8 48. Qg5 1-0

[Event "Passau op 6th"]
[Site "Passau"]
[Date "1998.04.11"]
[Round "3"]
[White "Assmann, Thomas"]
[Black "Esterluss, Johannes"]
[Result "1-0"]
[WhiteElo "2345"]
[BlackElo "1975"]
[PlyCount "57"]
[EventDate "1998.04.10"]
[EventType "swiss"]
[EventRounds "7"]
[EventCountry "GER"]
[SourceTitle "EXT 1999"]
[Source "ChessBase"]
[SourceDate "1998.11.16"]
[SourceVersion "1"]
[SourceVersionDate "1998.11.16"]
[SourceQuality "1"]

1. d4 Nf6 2. Nf3 d6 3. g3 c6 4. Bg2 Nbd7 5. Nbd2 Qc7 6. e4 e5 7. 0-0 Be7 8. dxe5 dxe5 9. b3 0-0 10. Bb2 Re8 11. Re1 Bc5 12. Qe2 b6 13. Nh4 Nf8 14. Nf5 a5 15. a3 Ba6 16. Qf3 Rad8 17. Rad1 Ng6 18. h4 h5 19. Bh3 Bc8 20. Nf1 Kh7 21. Bc1 b5 22. Bg5 Rxd1 23. Rxd1 Ng4 24. Bxg4 hxg4 25. Qxg4 Bxa3 26. h5 Kg8 27. Bf6 Bf8 28. hxg6 gxf6 29. g7 1-0